| 000 | 00453cam a2200181ua 4500 | ||
|---|---|---|---|
| 020 | _c2.00 | ||
| 041 |
_amal _h |
||
| 082 |
_a894.81209 _bNAR/SO |
||
| 100 | _aNarayanan, Kattumadam . | ||
| 245 |
_aSophoclissinoru mukhavura / _cKattumadam Narayanan. _hTextual Documents |
||
| 250 |
_a1 / _b. |
||
| 260 |
_a : _bPadmini N Namboodiripad , _c1958. |
||
| 300 | _a146 ; . | ||
| 365 | _a2.00 | ||
| 504 | _a | ||
| 942 | _cBK | ||
| 999 |
_c12886 _d12886 |
||